Bản sắc dân tộc trong văn học Thiền Tông thời Lý Trần
Saved in:
| Main Author: | |
|---|---|
| Format: | Book |
| Language: | Vietnamese |
| Published: |
H.
Văn hoá Thông Tin
1997
|
| Subjects: | |
| Tags: |
Add Tag
No Tags, Be the first to tag this record!
|
| Institutions: | Mạng thư viện Đại học Đà Nẵng |
|---|
| LEADER | 01140nam a2200337 4500 | ||
|---|---|---|---|
| 001 | 000010067 | ||
| 003 | 6267 | ||
| 005 | 20111110091148.0 | ||
| 008 | 111110s1997 viesd | ||
| 020 | |c 13300đ | ||
| 041 | 0 | |a vie | |
| 082 | |a 895.922089 |b NG-LY | ||
| 100 | 0 | |a Nguyễn Công Lý | |
| 245 | 0 | |a Bản sắc dân tộc trong văn học Thiền Tông thời Lý Trần |c Nguyễn Công Lý | |
| 260 | |a H. |b Văn hoá Thông Tin |c 1997 | ||
| 300 | |a 177 tr |c 19 cm | ||
| 504 | |a Thư mục tr: 169-176 | ||
| 653 | |a Bản sắc dân tộc | ||
| 653 | |a Văn học Thiền Tông | ||
| 653 | |a Thời Lý Trần | ||
| 910 | |a Nguyễn Thị Kim Oanh |d 10/11/2011 | ||
| OWN | |a LSP | ||
| AVA | |a UDN50 |b LSP |d 895.922089 NG-LY |e available |t Error 5001 Not defined in file expand_doc_bib_avail. |f 1 |g 0 |h N |i 1 |k 1 | ||
| 999 | |a From the UDN01 | ||
| AVA | |a UDN50 |b LSP |d 895.922089 NG-LY |e available |t Error 5001 Not defined in file expand_doc_bib_avail. |f 1 |g 0 |h N |i 1 |k 1 | ||
| TYP | |a Monograph | ||
| TYP | |a Printed language | ||
| 980 | |a Mạng thư viện Đại học Đà Nẵng | ||